| 000 | 01053nam a2200277 a 4500 | ||
|---|---|---|---|
| 003 | DO-SdBNP | ||
| 005 | 20260211101520.0 | ||
| 007 | ta | ||
| 008 | 220128e20152018dr ||||grlg|| 000 0 spa d | ||
| 020 | _a9789945897029 | ||
| 040 |
_aDO-SdBNP _bspa _cBNPHU |
||
| 082 | 4 |
_222 _axxx _bR426re |
|
| 110 | 1 |
_943494 _aRepública Dominicana. _bTribunal Constitucional. |
|
| 245 | 1 | 0 |
_aReglamento jurisdiccional del Tribunal Constitucional / _cEdición, Leonor Tejada ; presentación Milton Ray Guevara |
| 260 |
_aSanto Domingo : _bTribunal Consitucional, _c2015. |
||
| 300 |
_a31 p. ; _c23 cm. |
||
| 500 | _aLa biblioteca posee la reimpresión del 2018 | ||
| 590 | _aInventariado 2022 / YL | ||
| 650 | 0 |
_aTribunales constitucionales _vReglamentos _978719 |
|
| 650 | 4 |
_aTribunal Constitucional (República Dominicana) _vReglamentos _981044 |
|
| 650 | 4 |
_91203 _aDerecho administrativo _vReglamentos _zRepública Dominicana |
|
| 700 | 1 |
_aTejada, Leonor _eed. _981038 |
|
| 700 | 1 |
_aMilton Ray Guevara _d1948- _epres. _978143 |
|
| 910 | _aYLockward | ||
| 942 |
_2ddc _cLF2 |
||
| 999 |
_c53062 _d53062 |
||